Formule 1 - Pilotes espagnoles - Statistiques

Statistiques générales
  • Ce quiz a été pris 35 fois
  • Le résultat moyen est 3 sur 11
Statistiques - réponses
Par images Réponse % Correct
Carlos Sainz
100%
Fernando Alonso
100%
Pedro de la Rosa
40%
Jaime Alguersuari
36%
Roberto Merhi
24%
Marc Gené
16%
Adrian Campos
12%
Luis Pérez-Sala
8%
Alex Soler-Roig
4%
Alfonso de Portago
4%
Paco Godia
4%
Aucun quiz correspondant
Distribution des résultats
% des personnes avec chaque résultat
Percentile par nombre de réponses
Votre historique - résultats
Vous n’avez pas pris ce quiz